000 01046nam a2200241 a 4500
001 41351
003 BD-RjUL
005 20211209053354.0
008 160529s1982 ii ||||| |||| 00| 0 ben d
020 _c: IRs.45.00
035 _a(BD-RjUL)41468
040 _aBD-RjUL
_bben
_cBD-RjUL
041 _aben
082 _223
_a891.4409
_bKAU 1982
100 _aকাঞ্জিলাল, অঞ্জলি
_9127157
245 1 0 _aউনবিংশ শতাব্দীর বাংলা সাহিত্য স্বদেশপ্রেম /
_cঅঞ্জলি কাঞ্জিলাল
260 _aকলিকাতা :
_bমডর্ণ বুক এজেন্সী প্রাইভেট লিমিটেড,
_c১৯৮২
300 _a[৩১] ৭১৫ পৃ. ;
_c২১ সেমি.
500 _aশব্দ সূচি
650 _aবাংলা সাহিত্য
_vইতিহাস ও সমালোচনা
_9117445
650 _aBengali literature
_vHistory and Criticism
_9127158
942 _2ddc
_cBK
999 _c41351
_d41351